| 000 | 00407cam a2200181ua 4500 | ||
|---|---|---|---|
| 001 | 3238 | ||
| 008 | 111013n ii |||gr||||Z||||||asm | ||
| 040 | _cMAIN | ||
| 082 | _a891.4513 | ||
| 100 | 1 | _aDeka, Hitesh, | |
| 245 | 1 | 1 |
_aAayato jivan _cby Hitesh Deka |
| 250 | _a3rd. | ||
| 260 |
_a[s.l]: _b[s.n].,984. |
||
| 300 |
_a270p: _c23cm. |
||
| 653 | _aAssamese novel | ||
| 653 | _aAayato jivan | ||
| 942 | _cBK | ||
| 999 |
_c3084 _d3084 |
||